| 000 | 00000nam##2200000za#4500 |
| 001 | 9.571676 |
| 003 | CaOODSP |
| 005 | 20211126112845 |
| 007 | cr ||||||||||| |
| 008 | 150406|1998||||xxc|||||o f|0| 0 eng|d |
| 022 | |a1701-9397 |
| 040 | |aCaOODSP|beng |
| 043 | |an-cn--- |
| 086 | 1 |aFB3-2/98-10E-PDF |
| 110 | 2 |aBank of Canada. |
| 245 | 10|aFundamentals, contagion and currency crises : |h[electronic resource]|ban empirical analysis / |cby Mark Kruger, Patrick N. Osakwe and Jennifer Page. |
| 260 | |aOttawa - Ontario : |bBank of Canada |cJuly 1998. |
| 300 | |a36p.|bgraphs, references, tables |
| 490 | 1 |aBank of Canada working paper|x1701-9397|v98-10 |
| 500 | |aThis paper examines the determinants of currency crises in Latin America, Asia and Africa. It asks two basic questions: (a) Are currency crises linked to economic fundamentals? and; (b) Is there any evidence of a contagion effect after controlling for the potential effects of economic fundamentals?...Our paper also provides empirical evidence in support of the idea that currency crises could be contagious.--Abstract |
| 500 | |aThe ISBN (0-662-27019-3) and ISSN (1192-5434) for the print edition have been incorrectly copied in this electronic publication. |
| 520 | 3 |aThis paper examines the determinants of currency crises in Latin America, Asia and Africa. It asks two basic questions: (a) Are currency crises linked to economic fundamentals? and; (b) Is there any evidence of a contagion effect after controlling for the potential effects of economic fundamentals?...Our paper also provides empirical evidence in support of the idea that currency crises could be contagious.--Abstract |
| 546 | |aRésumé en français. |
| 590 | |a11-19-Supp|b2011-09-23 |
| 690 | 07|aCurrency|2gcpds |
| 720 | 1 |aKruger, Mark |
| 720 | 1 |aPage, Jennifer |
| 720 | 1 |aOsakwe, Patrick N. |
| 776 | 0#|tFundamentals, contagion and currency crises : |w(CaOODSP)9.616764 |
| 830 | #0|aWorking paper (Bank of Canada)|x1701-9397|v98-10|w(CaOODSP)9.504604 |
| 856 | 40|ahttp://publications.gc.ca|qPDF|s96 KB|uhttps://publications.gc.ca/collections/Collection/FB2-3-98-10E.pdf|y98-10 |